| 000 | 00468nam a2200157 4500 | ||
|---|---|---|---|
| 008 | 151208b xxu||||| |||| 00| 0 eng d | ||
| 050 | _aSPE RT 98.C66 2003 | ||
| 100 | _d2003 | ||
| 245 |
_aCommunity health nursing practice review module/ _cATI |
||
| 250 | _a2nd ed. | ||
| 260 |
_aUSA; _bATI, _c2003. |
||
| 300 | _a296 p. : | ||
| 650 | _aPublic health nursing. | ||
| 650 | _aCommunity health nursing. | ||
| 942 |
_2lcc _cBOOKS _hSPE RT 98.C66 2003 |
||
| 999 |
_c10678 _d10678 |
||